Функции несостоявшихся открытий в процессе саморегуляции науки; Известия Томского политехнического университета [Известия ТПУ]; Т. 316, № 6: Экономика. Философия, социология и культурология
| Parent link: | Известия Томского политехнического университета [Известия ТПУ]/ Томский политехнический университет (ТПУ).— , 2000- Т. 316, № 6: Экономика. Философия, социология и культурология.— 2010.— [С. 118-124] |
|---|---|
| Autor Principal: | |
| Outros autores: | |
| Summary: | Заглавие с титульного листа Электронная версия печатной публикации Проведен анализ критериев научности нового знания. Разработаны понятие и типология несостоявшихся открытий в науке. Обозначены функции несостоявшихся открытий в процессе саморегуляции науки. Установлено, что пересмотр некоторых несостоявшихся открытий в науке позволит более адекватно оценить их значимость для науки и общества. |
| Idioma: | ruso |
| Publicado: |
2010
|
| Series: | Философия, социология и культурология |
| Subjects: | |
| Acceso en liña: | http://www.lib.tpu.ru/fulltext/v/Bulletin_TPU/2010/v316/i6/25.pdf |
| Formato: | MixedMaterials Electrónico Capítulo de libro |
| KOHA link: | https://koha.lib.tpu.ru/cgi-bin/koha/opac-detail.pl?biblionumber=187738 |
MARC
| LEADER | 00000nla2a2200000 4500 | ||
|---|---|---|---|
| 001 | 187738 | ||
| 005 | 20231031174111.0 | ||
| 035 | |a (RuTPU)RU\TPU\book\203702 | ||
| 035 | |a RU\TPU\book\203701 | ||
| 090 | |a 187738 | ||
| 100 | |a 20101119d2010 k y0rusy50 ca | ||
| 101 | 0 | |a rus | |
| 102 | |a RU | ||
| 135 | |a drnn ---uucaa | ||
| 181 | 0 | |a i | |
| 182 | 0 | |a b | |
| 200 | 1 | |a Функции несостоявшихся открытий в процессе саморегуляции науки |b Электронный ресурс |f О. С. Кексель, В. Н. Скворцова | |
| 203 | |a Текст |c электронный | ||
| 215 | |a 1 файл (72 Кб) | ||
| 225 | 1 | |a Философия, социология и культурология | |
| 230 | |a Электронные текстовые данные (1 файл : 72 Кб) | ||
| 300 | |a Заглавие с титульного листа | ||
| 300 | |a Электронная версия печатной публикации | ||
| 320 | |a [Библиогр.: с. 123-124 (29 назв.)] | ||
| 330 | |a Проведен анализ критериев научности нового знания. Разработаны понятие и типология несостоявшихся открытий в науке. Обозначены функции несостоявшихся открытий в процессе саморегуляции науки. Установлено, что пересмотр некоторых несостоявшихся открытий в науке позволит более адекватно оценить их значимость для науки и общества. | ||
| 337 | |a Adobe Reader | ||
| 461 | 1 | |0 (RuTPU)RU\TPU\book\176237 |t Известия Томского политехнического университета [Известия ТПУ] |f Томский политехнический университет (ТПУ) |d 2000- | |
| 463 | 1 | |0 (RuTPU)RU\TPU\book\203561 |x 1684-8519 |t Т. 316, № 6: Экономика. Философия, социология и культурология |v [С. 118-124] |d 2010 |p 243 с. | |
| 610 | 1 | |a познание | |
| 610 | 1 | |a научное открытие | |
| 610 | 1 | |a несостоявшиеся открытия | |
| 610 | 1 | |a эволюционная эпистемология | |
| 610 | 1 | |a труды учёных ТПУ | |
| 610 | 1 | |a электронный ресурс | |
| 700 | 1 | |a Кексель |b О. С. |c российский учёный в области культурологии и социальной коммуникации |c доцент Томского политехнического университета |f 1976- |g Ольга Сергеевна |2 stltpush |3 (RuTPU)RU\TPU\pers\24731 | |
| 701 | 1 | |a Скворцова |b В. Н. |c российский учёный в области культурологии и социальной коммуникации |c доцент Томского политехнического университета, кандидат философских наук |f 1955- |g Валентина Николаевна |2 stltpush |3 (RuTPU)RU\TPU\pers\24735 | |
| 801 | 1 | |a RU |b 63413507 |c 20090623 |g PSBO | |
| 801 | 2 | |a RU |b 63413507 |c 20211222 |g PSBO | |
| 856 | 4 | |u http://www.lib.tpu.ru/fulltext/v/Bulletin_TPU/2010/v316/i6/25.pdf | |
| 942 | |c CF | ||